| 000 | 00715nam a2200217Ii 4500 | ||
|---|---|---|---|
| 001 | 3720 | ||
| 003 | CO-ViMGA | ||
| 008 | 241108s9999||||xx |||||||||||||| ||und|| | ||
| 020 | _a9586520285 | ||
| 040 |
_aCO-ViMGA _bspa _erda _cCO-ViMGA |
||
| 041 | 0 | _aunk | |
| 082 | 0 | 4 | _a321.09-E74f |
| 110 | 1 |
_aEscuela Superior de Administración Pública _952844 |
|
| 245 | 1 | 0 | _aFuentes documentales para el estudio de la reforma del Estado. La Constitución es el camino |
| 264 | 1 | _a[Lugar de publicación no identificado] : ESAP, 1991 | |
| 300 | _avolumen | ||
| 336 |
_atext _btxt _2rdacontent |
||
| 337 |
_aunmediated _bn _2rdamedia |
||
| 338 |
_avolume _bnc _2rdacarrier |
||
| 940 | _aidficha_siabuc: 3631. -- ficha_no_siabuc:3720 | ||
| 999 |
_c56434 _d56434 |
||